000 00993nam0a22002531 4500
001 rc\818998
005 20041129091419.5
035 _a(NLR Aleph) 006001745
090 _a7235981
_c7235981
100 _a20041129d1983 u |0rusy50 ca
101 0 _arus
102 _aRU
105 _aa |||||||||
200 1 _aБиологические исследования северных морей
_e[Сб. ст.]
_fАН СССР, Кол. фил. им. С.М. Кирова, Мурм. мор. биол. ин-т
_g[Редкол.: Г.Г. Матишов (отв. ред.) и др.]
210 _aАпатиты
_cКол. фил. АН СССР
_d1983
215 _a119 с.
_cил.
_d26
320 _aБиблиогр. в конце ст.
702 1 _aМатишов
_bГ. Г.
_4340
712 0 2 _aМурманский морской биологический ин-т
_3RU\NLR\AUTH\889954890
801 0 _aRU
_bNLR
_gpsbo
801 1 _aRU
_bELAR
_2rusmarc
852 _aNLR
_j84-7/1528
942 _cBOOK
980 _aNB